Metal delivering into plasma of cathode flare at forced explosion of point emitters; Proceedings of the Vth International Symposia on Discharge and Electrical Insulation in Vacuum, Poznan, august-september 1972

Bibliografiske detaljer
Parent link:Proceedings of the Vth International Symposia on Discharge and Electrical Insulation in Vacuum, Poznan, august-september 1972.— 1972.— P. 185-188
Andre forfattere: Mesyats G. A. Gennady Andreyevich, Bazhenov G. P., Litvinov E. A., Proskourovsky D. I., Yankelevitch E. B.
Summary:В фонде НТБ ТПУ отсутствует
Sprog:engelsk
Udgivet: 1972
Fag:
Format: MixedMaterials Book Chapter
KOHA link:https://koha.lib.tpu.ru/cgi-bin/koha/opac-detail.pl?biblionumber=596577

MARC

LEADER 00000naa0a2200000 4500
001 596577
005 20251030161355.0
035 |a (RuTPU)RU\TPU\tpu\19556 
090 |a 596577 
100 |a 20110725d1972 k||y0rusy50 ba 
101 0 |a eng 
102 |a PL 
200 1 |a Metal delivering into plasma of cathode flare at forced explosion of point emitters  |f G. A. Mesyats [et al.] 
333 |a В фонде НТБ ТПУ отсутствует 
463 |t Proceedings of the Vth International Symposia on Discharge and Electrical Insulation in Vacuum, Poznan, august-september 1972  |v P. 185-188  |d 1972 
610 1 |a труды учёных ТПУ 
701 1 |a Mesyats  |b G. A.  |c russian physicist  |c academican, vice-president of RAS  |c graduate of Tomsk Polytechnic Institute  |f 1936-  |g Gennady Andreyevich  |3 (RuTPU)RU\TPU\pers\28088  |4 070 
701 1 |a Bazhenov  |b G. P. 
701 1 |a Litvinov  |b E. A. 
701 1 |a Proskourovsky  |b D. I. 
701 1 |a Yankelevitch  |b E. B. 
801 1 |a RU  |b 63413507  |c 20110725 
801 2 |a RU  |b 63413507  |c 20110809  |g RCR 
942 |c BK